Logo BPK

Biblioteka

Politechniki Koszalińskiej

Prawo spółdzielcze i mieszkaniowe : (Rekord nr 51450)

Szczegóły MARC
000 -ETYKIETA REKORDU
podpole kontrolne o stałej długości 01017nam a2200277 i 4500
001 - NUMER KONTROLNY REKORDU
pole kontrolne bg
015 ## - NUMER BIBLIOGRAFII NARODOWEJ
Numer bibliografii narodowej PB 5695/2003
020 ## - MIĘDZYNARODOWY ZNORMALIZOWANY NUMER KSIĄŻKI - ISBN
ISBN 8372471126
040 ## - ŹRÓDŁO KATALOGOWANIA
Instytucja, która utworzyła rekord BPK
041 0# - KOD JĘZYKA
Kod języka tekstu pol
080 ## - UNIWERSALNA KLASYFIKACJA DZIESIĘTNA - UKD
UKD 347.726(438)(083)
920 ## - Międzynarodowy znormalizowany numer książki – ISBN
ISBN 83-7247-112-6
008 - POLE O STAŁEJ DŁUGOŚCI - DANE KONTROLNE
podpole kontrolne o stałej długości s pl f |000 0 pol
100 1# - NAZWA OSOBOWA
Nazwa osobowa MYCZKOWSKI, Lesław
245 10 - TYTUŁ/ODPOWIEDZIALNOŚĆ
Tytuł Prawo spółdzielcze i mieszkaniowe :
Ciąg dalszy tytułu wzory pism z prawa materialnego i procesowego z objaśnieniami oraz CD /
Pozostałe elementy strefy tytułu i oznaczenia odpowiedzialności Lesław Myczkowski ; przy współpr. Marcina Jędrzejczyka.
250 ## - STREFA WYDANIA
Oznaczenie wydania Wyd. 2 uzup. i uaktual.
260 ## - STREFA ADRESU WYDAWNICZEGO
Miejsce wydania Warszawa :
Nazwa wydawcy/dystrybutora C. H. Beck,
Data publikacji, dystrybucji/powstania dokumentu 2002.
300 ## - STREFA OPISU FIZYCZNEGO
Objętość XIX, 552 s. ;
Rozmiary 25 cm +
Dokument towarzyszący Instrukcja obsługi programu komputerowego : 6 s. ; 21 cm + CD-ROM.
490 1# - STREFA SERII I DOKUMENTU WIELOCZĘŚCIOWEGO - FORMA NIE DO WYSZUKIWANIA
Tytuł i oznaczenie odpowiedzialności serii Warszawski Zbiór Pism ;
Numeracja w obrębie serii t. 4
504 ## - UWAGA DOTYCZĄCA BIBLIOGRAFII
Informacje o bibliografii Bibliogr. Indeks.
650 #9 - HASŁO PRZEDMIOTOWE W FORMIE NAZWY OGÓLNEJ LUB JEDNOSTKOWEJ
Nazwa ogólna lub geograficzna Prawo lokalowe
Określnik geograficzny Polska
Określnik chronologiczny stan na 2002 r.
650 #9 - HASŁO PRZEDMIOTOWE W FORMIE NAZWY OGÓLNEJ LUB JEDNOSTKOWEJ
Nazwa ogólna lub geograficzna Spółdzielczość mieszkaniowa
Określnik ogólny prawo
Określnik geograficzny Polska
Określnik chronologiczny stan na 2002 r.
700 1# - HASŁO DODATKOWE - NAZWA OSOBOWA
Nazwa osobowa JĘDRZEJCZYK, Marcin
830 ## - HASŁO DODATKOWE SERII LUB DOKUMENTU WIELOCZĘŚCIOWEGO - TYTUŁ UJEDNOLICONY
Tytuł ujednolicony Warszawski Zbiór Pism ;
856 ## - LOKALIZACJA I DOSTĘP DO ELEKTRONICZNYCH DOKUMENTÓW ZDALNYCH
Link (URL) http://koha.tu.koszalin.pl/cgi-bin/koha/opac-detail.pl?biblionumber=51450
Tekst linku Katalog online BPK
942 ## - DODATKOWE ELEMENTY (KOHA)
Typ dokumentu Książka
Egzemplarze
Wycofany Status egzemplarza Uszkodzony Dostępność Lokalizacja stała Lokalizacja bieżąca Miejsce przechowywania Sygnatura Kod kreskowy Dział Typ dokumentu
      Tylko na miejscu Biblioteka Politechniki Koszalińskiej Biblioteka Politechniki Koszalińskiej Czytelnia Wydziałowa ul. Kwiatkowskiego 6e 78297 02304410 347.7 Prawo handlowe. Prawo spółek Książka
© 2023 Biblioteka Politechniki Koszalińskiej :: KOHA